000 00693nam a2200289Ia 4500
005 20260324112543.0
008 008 260324s9999 xx 000 0 eng d
020 _a9781003407577
037 _aEBOOK
040 _aCRL
040 _beng
040 _cCRL
041 _2eng
041 _aeng
084 _qCRL
100 _aHugo Metcalfe
_91143179
245 0 _aCulture by Design
245 0 _bPractical Strategies for Wellbeing, Engagement and Growth
260 _bTaylor and Francis
260 _c2024
365 _a
365 _b220
856 _uhttp://www.taylorfrancis.com/books/9781003407577
942 _cEBOOK
999 _c1732431
_d1732431